000 01261nam0a22002771 4500
001 rc\4617204
005 20260407123556.0
021 _aRU
_b97-ВП-2917/8
035 _a(NLR Aleph) 008397532
090 _a9215617
_c9215617
100 _a20130416d1960 |||y0rusy50 ca
101 0 _arus
102 _aRU
105 _ay z |||||
200 1 _aНормы расхода запасных частей на ремонт и 100 часов налета вертолета Ми-4
210 _a[Москва]
_cБ. и.
_d1960
215 _a143 с.
_d22х29
225 1 _aУправление Главнокомандующего военно-воздушными силами. Научно-исследовательский институт эксплуатации и ремонта авиационной техники ВВС
_vВып. № 1106
300 _aВ вып. дан. сост.: Гуреев Н.Н.
702 1 _aГуреев
_bН.Н.
_4220
710 0 1 _aСССР
_bУправление Главнокомандующего военно-воздушными силами Советской Армии
_9422312
_3RU\NLR\AUTH\889963003
801 0 _aRU
_bNLR
_gpsbo
801 1 _aRU
_bELAR
_2rusmarc
852 _aNLR
_j61-8/429
942 _cBOOK
980 _aNB